Central Library OPAC University of Rajshahi
Normal view MARC view

Entry Personal Name

Number of records used in: 3

001 - CONTROL NUMBER

  • control field: 10859

003 - CONTROL NUMBER IDENTIFIER

  • control field: BD-RjUL

005 - DATE AND TIME OF LATEST TRANSACTION

  • control field: 20240116112742.0

008 - FIXED-LENGTH DATA ELEMENTS

  • fixed length control field: 240116|| aca||aabn | a|a d

040 ## - CATALOGING SOURCE

  • Original cataloging agency: BD-RjUL
  • Transcribing agency: BD-RjUL

100 ## - HEADING--PERSONAL NAME

  • Personal name: Marie Antoinette,
  • Titles and other words associated with a name: Queen, consort of Louis XVI, King of France,
  • Dates associated with a name: 1755-1793

670 ## - SOURCE DATA FOUND

  • Source citation: Work cat.: (BD-RjUL)82633: Dumas, Alexandre, 10858, The queen's necklace :, [188-?].